| 000 | 00490nam a2200157 i 4500 | ||
|---|---|---|---|
| 001 | 65686 | ||
| 003 | ES-MaACL | ||
| 005 | 20230906165439.0 | ||
| 007 | t| | ||
| 008 | 040120s1935 sp ||||1| spa d | ||
| 100 | 1 |
_aFubini, G. _952800 |
|
| 245 | 1 | 0 |
_aPrincipio de lo mínimo / _cconferencias dadas por G. Fubini en el Laboratorio Matemático de la Junta de Ampliación de Estudios en 1935. |
| 260 |
_aMadrid : _b[s.n., _c1935] |
||
| 300 |
_a22 p. ; _c24 cm. |
||
| 852 |
_aES-MaACL _j1817-F-8 |
||
| 999 |
_c65686 _d65686 |
||